[Event "Sants Hostafrancs op-C 18th"]
[Site "Barcelona"]
[Date "2016.08.21"]
[Round "3"]
[White "Alves Garcia, Eric"]
[Black "Werkhoven, Gerard"]
[Result "0-1"]
[WhiteElo "1782"]
[BlackElo "1714"]
[PlyCount "134"]
[EventDate "2016.08.19"]
[EventType "swiss"]
[EventRounds "10"]
[EventCountry "ESP"]
[SourceTitle "EXT 2019"]
[Source "ChessBase"]
[SourceDate "2018.10.10"]
[SourceVersion "1"]
[SourceVersionDate "2018.10.10"]
[SourceQuality "1"]

1. d4 d5 2. c4 c6 3. Nf3 Nf6 4. e3 e6 5. Qc2 Nbd7 6. Nc3 Bd6 7. b3 0-0 8. Bb2 Re8 9. Bd3 dxc4 10. bxc4 c5 11. 0-0 cxd4 12. exd4 h6 13. Ne4 Nxe4 14. Bxe4 Nf6 15. Bd3 b6 16. c5 Bc7 17. Bb5 Bd7 18. c6 Bc8 19. Bd3 Nd5 20. Be4 Ba6 21. Rfe1 Bb5 22. a4 Ba6 23. Ba3 Nf6 24. Rad1 Nxe4 25. Qxe4 Bc4 26. Ne5 Bd5 27. Qg4 Qg5 28. Qxg5 hxg5 29. Rc1 f6 30. Nd3 a5 31. Rc3 Kf7 32. Nb2 Rh8 33. g3 Rh3 34. Re2 g4 35. Nc4 Rah8 36. f4 gxf3 37. Rb2 f2+ 38. Kxf2 Rxh2+ 39. Ke3 Rxb2 40. Bxb2 Bxc4 41. Rxc4 Rh3 42. Bc1 Rxg3+ 43. Kf2 Rg4 44. Be3 e5 45. Kf3 f5 46. Bf2 Ke6 47. Rc1 e4+ 48. Ke2 Kd5 49. Rb1 Kxc6 50. Rb5 f4 51. d5+ Kb7 52. d6 Bxd6 53. Bxb6 Kc6 54. Bxa5 f3+ 55. Kf1 Bc5 56. Ke1 f2+ 57. Ke2 Rg1 58. Rxc5+ Kxc5 59. Kxf2 Ra1 60. Bc3 Rxa4 61. Bxg7 Kd5 62. Bh6 Kd4 63. Ke2 Ra2+ 64. Ke1 Kd3 65. Bg7 Rg2 66. Bf8 e3 67. Kf1 Rf2+ 0-1